Statistieken voor Landen met een letter - C

Klik hier om de quiz te nemen!

Algemene statistieken

  • Deze quiz is 45 keer genomen
  • De gemiddelde score is 20 van 30

Antwoordstatistieken

CategorieLand% Correct
1 x CCanada
93%
1 x CChina
93%
3 x CDemocratische Republiek Congo
93%
1 x CRepubliek Congo
93%
1 x CChili
87%
1 x CColombia
87%
1 x CCentraal-Afrikaanse Republiek
80%
1 x CComoren
80%
1 x CCyprus
80%
1 x CCuba
73%
1 x CDominicaanse Republiek
73%
1 x CEcuador
73%
2 x CCosta Rica
67%
1 x CLiechtenstein
67%
1 x CNicaragua
67%
1 x CSeychellen
67%
1 x CDominica
60%
1 x CJamaica
60%
1 x CKazachstan
60%
1 x CMexico
60%
1 x CNoord-Macedonië
60%
1 x CCambodja
53%
1 x CMicronesia
53%
1 x CMonaco
53%
1 x CSaint Vincent en de Grenadines
53%
1 x CTsjechië
53%
1 x CVaticaanstad
53%
1 x CSaint Lucia
47%
1 x CSao Tomé en Principe
40%
1 x CVerenigde Arabische Emiraten
33%

Scoreverdeling

Percentiel versus Aantal Correcte Antwoorden

Procent van Mensen met Elke Score

Uw Scoregeschiedenis

U heeft deze quiz nog niet genomen